<?xml version="1.0" encoding="UTF-8"?>
<record
    xmlns:xsi="http://www.w3.org/2001/XMLSchema-instance"
    xsi:schemaLocation="http://www.loc.gov/MARC21/slim http://www.loc.gov/standards/marcxml/schema/MARC21slim.xsd"
    xmlns="http://www.loc.gov/MARC21/slim">

  <leader>01359nam a2200229 i 4500</leader>
  <controlfield tag="001">154582</controlfield>
  <controlfield tag="003">ES-MaACL</controlfield>
  <controlfield tag="005">20251009063056.0</controlfield>
  <controlfield tag="008">000118m18831884sp af        |||| | spa d</controlfield>
  <datafield tag="040" ind1=" " ind2=" ">
    <subfield code="a">M-RACE </subfield>
    <subfield code="b">spa </subfield>
    <subfield code="c">M-RACE </subfield>
    <subfield code="d">CCPB | B</subfield>
  </datafield>
  <datafield tag="100" ind1="1" ind2=" ">
    <subfield code="a">Gonz&#xE1;lez Hidalgo, Joaqu&#xED;n, </subfield>
    <subfield code="d">1839-1923</subfield>
    <subfield code="9">127415</subfield>
  </datafield>
  <datafield tag="245" ind1="1" ind2="0">
    <subfield code="a">Cat&#xE1;logo iconogr&#xE1;fico y descriptivo de los moluscos terrestres de Espa&#xF1;a, Portugal y las Baleares / </subfield>
    <subfield code="c">por J. G. Hidalgo.</subfield>
  </datafield>
  <datafield tag="260" ind1=" " ind2=" ">
    <subfield code="a">Madrid : </subfield>
    <subfield code="b">[s.n., </subfield>
    <subfield code="c">s.a.] (</subfield>
    <subfield code="f">Imprenta. de Segundo Martinez)</subfield>
  </datafield>
  <datafield tag="300" ind1=" " ind2=" ">
    <subfield code="a">1 v. (223 p., 44 h. de grab.; 16 p., 46 h. de lam.) ; </subfield>
    <subfield code="c">23 cm.</subfield>
  </datafield>
  <datafield tag="595" ind1=" " ind2=" ">
    <subfield code="a">Publicada en partes: s&#xF3;lo la Parte I y la III, despues dejo de publicarse (NUC)</subfield>
  </datafield>
  <datafield tag="596" ind1=" " ind2=" ">
    <subfield code="a">Fecha probable 1883 tomada del texto, en prologo consta 1875.</subfield>
  </datafield>
  <datafield tag="596" ind1=" " ind2=" ">
    <subfield code="a">Pie de imp. del T.III: Madrid : Est. Tip. de E. Cuesta, &#xE1; cargo de J. Giraldez, 1884.</subfield>
  </datafield>
  <datafield tag="650" ind1=" " ind2="4">
    <subfield code="a">Moluscos-</subfield>
    <subfield code="z">Espa&#xF1;a.</subfield>
    <subfield code="9">149875</subfield>
  </datafield>
  <datafield tag="650" ind1=" " ind2="4">
    <subfield code="a">Moluscos-</subfield>
    <subfield code="z">Portugal.</subfield>
    <subfield code="9">163542</subfield>
  </datafield>
  <datafield tag="852" ind1=" " ind2=" ">
    <subfield code="a">ES-MaACL</subfield>
    <subfield code="j">G-1777 </subfield>
    <subfield code="z">-- Enc. hol. </subfield>
    <subfield code="z">-- An. ms.: ded. del autor a Segismundo Moret </subfield>
    <subfield code="x">-- Edic.: en este ejemp. hay dos h. m&#xE1;s de l&#xE1;m., una retrato del autor y la otra numerada con una "A" . Adem&#xE1;s hay otras 16 p. en las que consta : Parte tercera. I. La malacolog&#xED;a en Espa&#xF1;a. A pie de p&#xE1;g. consta : Hidalgo: Mol. terr. Espa&#xF1;a, 1884. Parte 3&#xAA;-1</subfield>
  </datafield>
  <datafield tag="999" ind1=" " ind2=" ">
    <subfield code="c">154582</subfield>
    <subfield code="d">154582</subfield>
  </datafield>
  <datafield tag="952" ind1=" " ind2=" ">
    <subfield code="0">0</subfield>
    <subfield code="1">0</subfield>
    <subfield code="4">0</subfield>
    <subfield code="7">0</subfield>
    <subfield code="a">ATENEOM</subfield>
    <subfield code="b">ATENEOM</subfield>
    <subfield code="c">DEPO2</subfield>
    <subfield code="d">2008-01-17</subfield>
    <subfield code="e">SSC</subfield>
    <subfield code="l">0</subfield>
    <subfield code="o">G-1777</subfield>
    <subfield code="p">1161674</subfield>
    <subfield code="r">2023-02-23 00:00:00</subfield>
    <subfield code="w">2023-02-23</subfield>
    <subfield code="y">MONOGRAFIA</subfield>
  </datafield>
</record>
